000 00294nam a2200097Ia 4500
008 241105s9999 xx 000 0 und d
041 _aeng
100 _aIman
_9183150
245 _aLandscape Design Proposal Of Campus For Development Of Autistic Individuals
260 _bBNCA M Arch LA, Pune
_c2017
999 _c361445
_d361445